Outline of Orthopaedics (Adam's) (13th ed.) (Record no. 37546)

MARC details
000 -LEADER
fixed length control field 00431nam a2200169Ia 4500
008 - FIXED-LENGTH DATA ELEMENTS--GENERAL INFORMATION
fixed length control field 230524s9999 xx 000 0 und d
082 ## - DEWEY DECIMAL CLASSIFICATION NUMBER
Classification number 612
Item number CAR
100 ## - MAIN ENTRY--AUTHOR NAME
Personal name John Crawford Adams
245 #0 - TITLE STATEMENT
Title Outline of Orthopaedics (Adam's) (13th ed.)
250 ## - EDITION STATEMENT
Edition statement 13TH
260 ## - PUBLICATION, DISTRIBUTION, ETC. (IMPRINT)
Place of publication NEW YORK
Name of publisher Elsevier
Year of publication 2005
300 ## - PHYSICAL DESCRIPTION
Number of Pages VII;451
500 ## - GENERAL NOTE
General note Quantity Number: 2
650 ## - SUBJECT ADDED ENTRY--TOPICAL TERM
Topical Term Biomedical
700 ## - ADDED ENTRY--PERSONAL NAME
Personal name David L. Hamblen
942 ## - ADDED ENTRY ELEMENTS (KOHA)
Koha item type Books
Holdings
Lost status Damaged status Permanent Location Current Location Shelving location Date acquired Full call number Accession Number Koha item type
    Central Library, Trident Academy of Technology Central Library, Trident Academy of Technology General Stacks 05/24/2023 612 CAR 19583 Books
    Central Library, Trident Academy of Technology Central Library, Trident Academy of Technology General Stacks 05/24/2023 612 CAR 19584 Books
Trident Academy of Technology © 2023.
All rights reserved.                                                                                                                                                                                                        Designed by Team of Central Library .

Powered by Koha